Regrowing the American economy
Salvato in:
| Natura: | Libro |
|---|---|
| Lingua: | inglese |
| Pubblicazione: |
Englewood Cliffs
Prentice-Hall
1983
|
| Tags: |
Nessun Tag, puoi essere il primo ad aggiungerne!!
|
MARC
| LEADER | 00000nam a2200000 4500 | ||
|---|---|---|---|
| 001 | c112765 | ||
| 005 | 20041019155153.8 | ||
| 041 | 0 | |a eng | |
| 044 | |a US | ||
| 245 | 1 | 0 | |a Regrowing the American economy |
| 264 | 1 | |a Englewood Cliffs |b Prentice-Hall |c 1983 | |
| 300 | |a 173 s. | ||